Four scary stories / (Record no. 8498)

MARC details
000 -LEADER
fixed length control field 00955cam a2200313 i 4500
001 - CONTROL NUMBER
control field 8498
003 - CONTROL NUMBER IDENTIFIER
control field FISKH
005 - DATE AND TIME OF LATEST TRANSACTION
control field 20250916091108.0
008 - FIXED-LENGTH DATA ELEMENTS--GENERAL INFORMATION
fixed length control field 770907s1978 nyua j 000 1 eng
010 ## - LIBRARY OF CONGRESS CONTROL NUMBER
LC control number 77013027
020 ## - INTERNATIONAL STANDARD BOOK NUMBER
International Standard Book Number 0399206140 :
020 ## - INTERNATIONAL STANDARD BOOK NUMBER
International Standard Book Number 9780399206146
040 ## - CATALOGING SOURCE
Original cataloging agency DLC
Transcribing agency DLC
Modifying agency DLC
Language of cataloging eng
050 ## - LIBRARY OF CONGRESS CALL NUMBER
Classification number PZ7.J6478 F
082 ## - DEWEY DECIMAL CLASSIFICATION NUMBER
Classification number 576
100 1# - MAIN ENTRY--PERSONAL NAME
Personal name Johnston, Tony,
Dates associated with a name 1942-
245 10 - TITLE STATEMENT
Title Four scary stories /
Statement of responsibility, etc. by Tony Johnston ; pictures by Tomie de Paola.
260 ## - PUBLICATION, DISTRIBUTION, ETC.
Place of publication, distribution, etc. New York :
Name of publisher, distributor, etc. Putnam,
Date of publication, distribution, etc. 1978.
300 ## - PHYSICAL DESCRIPTION
Extent 30 unnumbered pages :
Other physical details color illustrations ;
Dimensions 26 cm
505 ## - FORMATTED CONTENTS NOTE
Formatted contents note K<br/>
520 ## - SUMMARY, ETC.
Summary, etc. An imp, a goblin, a scalawag, and a boy tell each other scary stories.
521 8# - TARGET AUDIENCE NOTE
Target audience note 510<br/>
Source Lexile estimate<br/>
521 8# - TARGET AUDIENCE NOTE
Target audience note K<br/>
Source Raz-Plus<br/>
650 #1 - SUBJECT ADDED ENTRY--TOPICAL TERM
Topical term or geographic name entry element Fairies
General subdivision Fiction.
700 1# - ADDED ENTRY--PERSONAL NAME
Personal name DePaola, Tomie,
Dates associated with a name 1934-2020.
Relator term illustrator
906 ## - LOCAL DATA ELEMENT F, LDF (RLIN)
a 7
b cbc
c orignew
d 1
e ocip
f 19
g y-gencatlg
942 ## - ADDED ENTRY ELEMENTS (KOHA)
Source of classification or shelving scheme Dewey Decimal Classification
Koha item type Books
Suppress in OPAC No
Holdings
Withdrawn status Lost status Source of classification or shelving scheme Damaged status Not for loan Collection Home library Current library Shelving location Date acquired Total Checkouts Full call number Barcode Date last seen Copy number Price effective from Koha item type
    Dewey Decimal Classification     Juvenile Fiction Footprints International School Library Network Toul Tom Poung Campus Footprints International School Library Network Toul Tom Poung Campus TTP Primary Yellow Bookshelves 09/16/2025   JOH 576 PZ7.J6478 F FIS02067 09/16/2025 1 09/16/2025 Books